Les plus grandes villes d'Italie • A-Z - Statistiques

Statistiques générales
  • Ce quiz a été pris 269 fois
  • Le résultat moyen est 11 sur 18
Statistiques - réponses
# ~pop Villes % Correct
R 2,973,000 Rome
99%
M 1,352,000 Milan
98%
N 970,000 Naples
96%
T 887,000 Turin
96%
V 262,000 Venise
94%
F 384,000 Florence
92%
P 674,000 Palerme
89%
B 388,000 Bologne
84%
G 584,000 Gênes
84%
C 313,000 Catane
61%
U 99,000 Udine
54%
L 159,000 Livourne
43%
A 101,000 Ancône
35%
S 135,000 Salerne
32%
I 70,000 Imola
13%
O 57,000 Olbia
13%
Q 71,000 Quartu' Sant Elena
8%
E 53,000 Ercolano
6%
Aucun quiz correspondant
Distribution des résultats
% des personnes avec chaque résultat
Percentile par nombre de réponses
Votre historique - résultats
Vous n’avez pas pris ce quiz